Central Library OPAC University of Rajshahi

দ্বিজেন্দ্রলাল রায়-জীবন ও সাহিত্য : (Record no. 44381)

MARC details
000 -LEADER
fixed length control field 01308nam a2200253 a 4500
001 - CONTROL NUMBER
control field 44381
003 - CONTROL NUMBER IDENTIFIER
rucl marc code BD-RjUL
005 - DATE AND TIME OF LATEST TRANSACTION
control field 20211209053839.0
008 - FIXED-LENGTH DATA ELEMENTS--GENERAL INFORMATION
fixed length control field 170305r1991 ii ||||| |||| 00| 0 ben d
020 ## - INTERNATIONAL STANDARD BOOK NUMBER
Terms of availability : IRs 50.00
035 ## - SYSTEM CONTROL NUMBER
System control number (BD-RjUL)
040 ## - CATALOGING SOURCE
Original cataloging agency BD-RjUL
Language of cataloging ben
Transcribing agency BD-RjUL
Modifying agency BD-RjUL
041 ## - LANGUAGE CODE
Language code of text/sound track or separate title ben
082 ## - DEWEY DECIMAL CLASSIFICATION NUMBER
Edition number 23
Classification number 891.44092
Author mark and year MUD 1991
100 1# - MAIN ENTRY--PERSONAL NAME
Personal name মুখোপাধ্যায়, দুর্গাশঙ্কর
9 (RLIN) 119725
245 10 - TITLE STATEMENT
Title দ্বিজেন্দ্রলাল রায়-জীবন ও সাহিত্য :
Remainder of title দ্বিজেন্দ্রলাল রায় রীভারশিপ-বক্তৃতা কলকাতা বিশ্ববিদ্যালয় প্রদত্ত /
Statement of responsibility, etc. দুর্গাশঙ্কর মুখোপাধ্যায়
260 ## - PUBLICATION, DISTRIBUTION, ETC. (IMPRINT)
Place of publication, distribution, etc. কলিকাতা :
Name of publisher, distributor, etc. মর্ডাণ বুক এজেন্সী প্রাইভেট লিমিটেড,
Date of publication, distribution, etc. ১৯৯১ [১৩৯৮]
300 ## - PHYSICAL DESCRIPTION
Pagination ৩২০ পৃ. ;
Size ২১ সেমি.
600 ## - SUBJECT ADDED ENTRY--PERSONAL NAME
Personal name দ্বিজেন্দ্রলাল
General subdivision জীবনী
Personal name Dijendrolal
General subdivision Biography
650 ## - SUBJECT ADDED ENTRY--TOPICAL TERM
Topical term or geographic name as entry element বাংলা সাহিত্য
9 (RLIN) 136223
Topical term or geographic name as entry element Bengali Literature
9 (RLIN) 188343
942 ## - ADDED ENTRY ELEMENTS (KOHA)
Source of classification or shelving scheme Dewey Decimal Classification
Koha item type Books
Holdings
Lost status Source of classification or shelving scheme Damaged status Not for loan Collection code Permanent Location Current Location Shelving location Date acquired Source of acquisition Cost, normal purchase price Total Checkouts Full call number Date last seen Copy number Koha item type
  Dewey Decimal Classification     Non-fiction Central Library, University of Rajshahi Central Library, University of Rajshahi   26/05/1973 Sanchita; Rajshahi 20.00   B 891.441092 RAD 1971 17/07/2016 C-2 Books
  Dewey Decimal Classification   Not For Loan Non-fiction Central Library, University of Rajshahi Central Library, University of Rajshahi Reading Room 17/12/1996 Angkur Prokashan, Dhaka 60.00   B 891.441092 RAD 19993 13/02/2017 C-1 Books
  Dewey Decimal Classification     Non-fiction Central Library, University of Rajshahi Central Library, University of Rajshahi   29/01/1997 Ankur Prakashani, Dhaka 50.00   B 891.441092 RAD 1991 05/03/2017 C-3 Books